000 00313nam a22001337a 4500
008 181210b xxu||||| |||| 00| 0 eng d
020 _a0029480906
041 _aeng
080 _a510
100 _a37
101 _aMAT
245 _aDiferential Equations Foundations Applications
_cHerve.R
942 _2udc
_cBK
999 _c53103
_d53103